[Event "TUR-chT 1st League"]
[Site "Ankara"]
[Date "2025.07.16"]
[Round "4.57"]
[White "Yurtoglu, Osman Talha"]
[Black "Eldemir, Goksu"]
[Result "1-0"]
[WhiteElo "1950"]
[BlackElo "1911"]
[PlyCount "135"]
[EventDate "2025.07.14"]
[EventType "team-swiss"]
[EventRounds "9"]
[EventCountry "TUR"]
[SourceTitle "CB30_2025"]
[SourceDate "2025.07.23"]
[SourceVersion "1"]
[SourceVersionDate "2025.07.23"]
[SourceQuality "1"]
[WhiteTeam "Mercan Sanat"]
[BlackTeam "Doktor Metin Surmeli"]
[WhiteTeamCountry "TUR"]
[BlackTeamCountry "TUR"]

1. e4 c5 2. Nf3 d6 3. d4 cxd4 4. Nxd4 Nf6 5. Nc3 a6 6. Nb3 e6 7. g4 h6 8. Qe2 b5 9. a3 Bb7 10. Bg2 Qc7 11. h4 Nc6 12. f4 0-0-0 13. Rh3 Nd7 14. Bd2 Be7 15. 0-0-0 Nb6 16. Be1 g5 17. fxg5 hxg5 18. h5 Bf6 19. Kb1 Ne5 20. Na5 Nbc4 21. Nxb7 Qxb7 22. Na2 Nc6 23. Bc3 Bxc3 24. Rxc3 Kb8 25. a4 N6e5 26. axb5 axb5 27. Rb3 Kc7 28. Nc3 b4 29. Rd4 Qa6 30. Rxb4 Ra8 31. Rdxc4+ Nxc4 32. Qxc4+ Qxc4 33. Rxc4+ Kb6 34. Rb4+ Kc5 35. Rb5+ Kd4 36. Rxg5 Ke3 37. Bf1 Ra7 38. b3 Kf4 39. Rg7 Ke5 40. Rg5+ Kf4 41. Rb5 Kxg4 42. Be2+ Kf4 43. Rb6 Rd7 44. Kb2 Ke3 45. Rc6 f5 46. exf5 exf5 47. Bd3 Kf4 48. Rc4+ Kg5 49. Be2 Re8 50. Rd4 Re5 51. b4 Re3 52. Bd3 Re5 53. Nd5 Rb7 54. Nf4 Re1 55. b5 Re3 56. c4 Rf3 57. Ne6+ Kf6 58. Nd8 Rd7 59. Nc6 Kg5 60. Rd5 Rf2+ 61. Kc3 Rf7 62. Nd4 Kxh5 63. Nxf5 Rf8 64. Nxd6+ Kg4 65. b6 Rb8 66. c5 Kf4 67. Rf5+ Kg3 68. Ne4+ 1-0

[Event "TUR-chT 2nd League"]
[Site "Denizli"]
[Date "2023.07.12"]
[Round "6.121"]
[White "Bekiragaoglu, Umut"]
[Black "Yurtoglu, Osman Talha"]
[Result "1-0"]
[WhiteElo "2161"]
[BlackElo "1918"]
[PlyCount "69"]
[EventDate "2023.07.09"]
[EventType "team-swiss"]
[EventRounds "9"]
[EventCountry "TUR"]
[SourceTitle "CBM 215 Extra"]
[Source "ChessBase"]
[SourceDate "2023.09.30"]
[SourceVersion "1"]
[SourceVersionDate "2023.09.30"]
[SourceQuality "1"]
[WhiteTeam "Calli Spor"]
[BlackTeam "Hayat"]
[WhiteTeamCountry "TUR"]
[BlackTeamCountry "TUR"]

1. e4 c5 2. Nf3 d6 3. Bb5+ Bd7 4. c4 e5 5. Bxd7+ Qxd7 6. Nc3 g6 7. d3 Bg7 8. Rb1 Nc6 9. a3 Nge7 10. Qa4 0-0 11. 0-0 h6 12. b4 Kh7 13. Nd5 Rfd8 14. Be3 b6 15. Ne1 Nxd5 16. cxd5 Ne7 17. Qxd7 Rxd7 18. bxc5 dxc5 19. Nc2 Rad8 20. a4 f5 21. a5 f4 22. Bd2 Rb8 23. Na3 Nc8 24. Rb3 Nd6 25. Nc4 Nc8 26. Rfb1 Rdb7 27. axb6 axb6 28. Na5 Rc7 29. Nc6 Ra8 30. Bc3 Rxc6 31. dxc6 Ra7 32. Kf1 Rc7 33. Rxb6 Nxb6 34. Rxb6 Kg8 35. Rb8+ 1-0

[Event "TUR-chT 2nd League"]
[Site "Denizli"]
[Date "2023.07.09"]
[Round "1.101"]
[White "Yurtoglu, Osman Talha"]
[Black "Sadykov, Ramil"]
[Result "1/2-1/2"]
[WhiteElo "1918"]
[BlackElo "2345"]
[PlyCount "98"]
[EventDate "2023.07.09"]
[EventType "team-swiss"]
[EventRounds "9"]
[EventCountry "TUR"]
[SourceTitle "CBM 215 Extra"]
[Source "ChessBase"]
[SourceDate "2023.09.30"]
[SourceVersion "1"]
[SourceVersionDate "2023.09.30"]
[SourceQuality "1"]
[WhiteTeam "Hayat"]
[BlackTeam "Eskiseh Tasci"]
[WhiteTeamCountry "TUR"]
[BlackTeamCountry "TUR"]

1. e4 e6 2. b3 c5 3. Bb2 Nf6 4. Qe2 Nc6 5. Nf3 d5 6. exd5 Nxd5 7. g3 f6 8. Nh4 g6 9. Bg2 Bg7 10. 0-0 0-0 11. f4 Qd6 12. Nf3 Bd7 13. Na3 a6 14. Nc4 Qc7 15. a4 b5 16. axb5 axb5 17. Na3 Na7 18. d4 b4 19. Nc4 Nb5 20. Qf2 cxd4 21. Nxd4 Qc5 22. Rfe1 Rxa1 23. Bxa1 Nbc7 24. Bxd5 Qxd5 25. Nb6 Qd6 26. Nxd7 Qxd7 27. Qf3 f5 28. Nc6 Qd2 29. Rd1 Qxc2 30. Bxg7 Kxg7 31. Rd7+ Rf7 32. Rxf7+ Kxf7 33. Ne5+ Ke7 34. Qc6 Qxc6 35. Nxc6+ Kd6 36. Nxb4 e5 37. fxe5+ Kxe5 38. Kf2 Ke4 39. Nc6 g5 40. b4 Nb5 41. Nd8 f4 42. Ne6 Kf5 43. Nc5 Kg4 44. Nd3 h5 45. gxf4 gxf4 46. h3+ Kf5 47. Nc5 Ke5 48. Nd3+ Ke4 49. Nc5+ Kf5 1/2-1/2

[Event "TUR-chT 2nd League"]
[Site "Konya"]
[Date "2022.08.28"]
[Round "9.8"]
[White "Yurtoglu, Osman Talha"]
[Black "Akman, Ozgur"]
[Result "0-1"]
[WhiteElo "1914"]
[BlackElo "1966"]
[PlyCount "130"]
[EventDate "2022.08.22"]
[EventType "team-swiss"]
[EventRounds "9"]
[EventCountry "TUR"]
[SourceTitle "CBM 210 Extra"]
[Source "ChessBase"]
[SourceDate "2022.11.30"]
[SourceVersion "1"]
[SourceVersionDate "2022.11.30"]
[SourceQuality "1"]
[WhiteTeam "Hayat"]
[BlackTeam "Afyonkarahisar Basari"]
[WhiteTeamCountry "TUR"]
[BlackTeamCountry "TUR"]

1. e4 e5 2. Nc3 Nf6 3. Nf3 Nc6 4. Bb5 Bb4 5. 0-0 0-0 6. d3 d6 7. Ne2 Ne7 8. c3 Ba5 9. Ng3 c6 10. Ba4 Ng6 11. d4 Be6 12. Bc2 Bc7 13. Ng5 Bc4 14. Re1 h6 15. Nf3 Re8 16. b3 Be6 17. h3 Nh7 18. c4 Qf6 19. Nh5 Qe7 20. Ba3 c5 21. d5 Bd7 22. Bc1 Rf8 23. Ng3 Nh4 24. Be3 Ba5 25. Rf1 b5 26. Nd2 Bc3 27. Rc1 Bxd2 28. Bxd2 b4 29. Qh5 a5 30. f4 exf4 31. Bxf4 Ng6 32. Rce1 Nxf4 33. Rxf4 Qg5 34. Qf3 Qe5 35. Kh1 Ng5 36. Qe3 Rfe8 37. Ref1 f6 38. h4 Nf7 39. Qf3 Qe7 40. Nh5 Ne5 41. Qg3 Kh8 42. R4f2 Rf8 43. Nf4 Qf7 44. Bd1 a4 45. Bh5 Qe7 46. Ng6+ Nxg6 47. Bxg6 axb3 48. axb3 Ra3 49. Rf3 Rfa8 50. h5 Ra2 51. Bf5 Bxf5 52. exf5 Re2 53. R3f2 Re3 54. Rf3 Re5 55. Kh2 Ra3 56. Rb1 Qf7 57. Qg4 Ra2 58. Rg3 Qe7 59. Rf1 Re4 60. Qf3 Qe5 61. Kh1 Rh4+ 62. Kg1 Re4 63. Rb1 Qd4+ 64. Kh2 Rc2 65. Qd3 Rh4+ 0-1

[Event "TUR-chT 2nd League"]
[Site "Konya"]
[Date "2022.08.23"]
[Round "3.15"]
[White "Yurtoglu, Osman Talha"]
[Black "Rahmanov, Shahriyar Teymur Og"]
[Result "1-0"]
[WhiteElo "1914"]
[BlackElo "2236"]
[PlyCount "115"]
[EventDate "2022.08.22"]
[EventType "team-swiss"]
[EventRounds "9"]
[EventCountry "TUR"]
[SourceTitle "CBM 210 Extra"]
[Source "ChessBase"]
[SourceDate "2022.11.30"]
[SourceVersion "1"]
[SourceVersionDate "2022.11.30"]
[SourceQuality "1"]
[WhiteTeam "Hayat"]
[BlackTeam "Karaman Tabduk Emre"]
[WhiteTeamCountry "TUR"]
[BlackTeamCountry "TUR"]

1. e4 d5 2. exd5 Nf6 3. Bb5+ Bd7 4. Be2 Nxd5 5. d4 Bf5 6. Nf3 e6 7. a3 Bd6 8. c4 Nf4 9. Bf1 c6 10. h3 Nd7 11. Nc3 Bg6 12. Be3 Qf6 13. g3 Nd3+ 14. Bxd3 Bxd3 15. Ne5 Bxe5 16. Qxd3 Bc7 17. 0-0-0 0-0-0 18. Ne4 Qg6 19. Qc2 Nb6 20. b3 f5 21. Ng5 e5 22. dxe5 Bxe5 23. Nf3 Bc7 24. Nh4 Qe8 25. Qxf5+ Kb8 26. Bf4 Rxd1+ 27. Rxd1 Rf8 28. Bxc7+ Kxc7 29. Qc5 Nd7 30. Qd6+ Kc8 31. f4 g5 32. Ng2 Rf6 33. Qd4 Qe7 34. Kb2 Re6 35. Rd2 Nc5 36. fxg5 Ne4 37. Re2 Nxg3 38. Rxe6 Qxe6 39. Qh8+ Kc7 40. Qxh7+ Kb6 41. c5+ Ka5 42. b4+ Kb5 43. Qd3+ Ka4 44. Qxg3 Qe2+ 45. Kc3 Kxa3 46. Kd4+ Ka4 47. g6 Qd2+ 48. Ke5 Qd8 49. Qg4 Qe7+ 50. Kf4 Qg7 51. Nh4 Qd4+ 52. Kf5 Qd7+ 53. Kf6 Qd8+ 54. Kg7 b5 55. Kh7 Qd3 56. Nf5 a6 57. g7 Qxh3+ 58. Qxh3 1-0

[Event "Ankara Baskent Univ op-B 5th"]
[Site "Ankara"]
[Date "2022.07.03"]
[Round "2"]
[White "Yurtoglu, Osman Talha"]
[Black "Mammadov, Ilgar"]
[Result "0-1"]
[WhiteElo "1923"]
[BlackElo "1619"]
[PlyCount "46"]
[EventDate "2022.07.02"]
[EventType "swiss"]
[EventRounds "9"]
[EventCountry "TUR"]
[SourceTitle "EXT 2023"]
[Source "ChessBase"]
[SourceDate "2022.10.05"]
[SourceVersion "1"]
[SourceVersionDate "2022.10.05"]
[SourceQuality "1"]

1. e4 e5 2. Nf3 Nc6 3. d4 exd4 4. Nxd4 Nf6 5. Nxc6 bxc6 6. e5 Qe7 7. Qe2 Nd5 8. c4 Ba6 9. b3 f6 10. f4 fxe5 11. fxe5 Qh4+ 12. Qf2 Qxf2+ 13. Kxf2 Bc5+ 14. Kg3 Bd4 15. cxd5 Bxf1 16. Rxf1 Bxa1 17. dxc6 Bxe5+ 18. Kg4 0-0-0 19. cxd7+ Rxd7 20. Be3 Bd4 21. Bf4 h5+ 22. Kg3 Rf8 23. h4 Rdf7 0-1

[Event "TUR Cup"]
[Site "Ankara"]
[Date "2021.12.11"]
[Round "6"]
[White "Yurtoglu, Osman Talha"]
[Black "Altay, Servet Hakan"]
[Result "1-0"]
[WhiteElo "1927"]
[BlackElo "1653"]
[PlyCount "137"]
[EventDate "2021.12.08"]
[EventType "swiss"]
[EventRounds "9"]
[EventCountry "TUR"]
[SourceTitle "CBM 205 Extra"]
[Source "ChessBase"]
[SourceDate "2022.01.31"]
[SourceVersion "1"]
[SourceVersionDate "2022.01.31"]
[SourceQuality "1"]

1. e4 e6 2. d4 d5 3. e5 c5 4. f4 Nc6 5. Nf3 Bd7 6. a3 Qb6 7. Bd3 cxd4 8. b4 a6 9. 0-0 Rc8 10. Bb2 Nge7 11. Kh1 Ng6 12. g3 Be7 13. Nbd2 f6 14. Nb3 fxe5 15. fxe5 Qc7 16. Bxg6+ hxg6 17. Qd3 Rh6 18. Rae1 Nxb4 19. axb4 Bb5 20. Qxd4 Bxf1 21. Rxf1 Qc4 22. Qxc4 Rxc4 23. c3 Re4 24. Nbd4 Kd7 25. Kg2 g5 26. h3 g4 27. hxg4 Rxg4 28. Bc1 Rh8 29. Ne2 Re4 30. Nf4 Rc8 31. Bd2 g5 32. Ng6 g4 33. Nd4 Rg8 34. Nxe7 Kxe7 35. Rh1 Rxe5 36. Rh7+ Ke8 37. Rxb7 Re4 38. Rb8+ Kf7 39. Rxg8 Kxg8 40. Kf2 Kf7 41. Nb3 Rc4 42. Ke3 e5 43. Nc5 a5 44. Nb7 Rc7 45. Nxa5 Ke6 46. Nb3 Rf7 47. Nc5+ Kd6 48. Be1 Ra7 49. Nd3 Rf7 50. Ke2 Rf8 51. Nf2 Rg8 52. Kd3 Kc6 53. Bd2 Rg7 54. Be3 Kb5 55. Bc5 Rf7 56. Nxg4 Rf3+ 57. Kc2 d4 58. c4+ Ka4 59. Nxe5 Rxg3 60. Bd6 Re3 61. Kd2 Rh3 62. Nd7 Rh6 63. c5 Kb5 64. Kd3 Rh3+ 65. Kxd4 Rh4+ 66. Kd5 Kxb4 67. c6+ Kb5 68. c7 Rh8 69. Nf8 1-0

[Event "TUR Cup"]
[Site "Ankara"]
[Date "2021.12.11"]
[Round "5"]
[White "Yurtoglu, Osman Talha"]
[Black "Aral, Demir"]
[Result "1-0"]
[WhiteElo "1927"]
[BlackElo "1539"]
[PlyCount "43"]
[EventDate "2021.12.08"]
[EventType "swiss"]
[EventRounds "9"]
[EventCountry "TUR"]
[SourceTitle "CBM 205 Extra"]
[Source "ChessBase"]
[SourceDate "2022.01.31"]
[SourceVersion "1"]
[SourceVersionDate "2022.01.31"]
[SourceQuality "1"]

1. e4 e5 2. Nc3 Nf6 3. Nf3 Nc6 4. Bb5 d6 5. 0-0 Be7 6. d4 exd4 7. Nxd4 Bd7 8. Kh1 0-0 9. f4 Nxd4 10. Qxd4 Bxb5 11. Nxb5 Nd7 12. Nc3 Bf6 13. Qc4 Nb6 14. Qd3 Re8 15. Bd2 Qd7 16. Rae1 Qc6 17. b3 Re6 18. Nd5 Bd8 19. c4 Re8 20. Bc3 Nxd5 21. exd5 Qd7 22. Qf5 1-0

[Event "TUR-chT 2nd League"]
[Site "Konya"]
[Date "2019.07.25"]
[Round "5.3"]
[White "Demirag, Batuhan"]
[Black "Yurtoglu, Osman Talha"]
[Result "0-1"]
[WhiteElo "1939"]
[BlackElo "1923"]
[PlyCount "86"]
[EventDate "2019.07.22"]
[EventType "team-swiss"]
[EventRounds "9"]
[EventCountry "TUR"]
[SourceTitle "CBM 191 Extra"]
[Source "ChessBase"]
[SourceDate "2019.09.30"]
[SourceVersion "1"]
[SourceVersionDate "2019.09.30"]
[SourceQuality "1"]
[WhiteTeam "Mugla Ortaca Belediye"]
[BlackTeam "Ego Spor"]
[WhiteTeamCountry "TUR"]
[BlackTeamCountry "TUR"]

1. Nf3 Nf6 2. c4 g6 3. b3 Bg7 4. Bb2 d6 5. d4 0-0 6. g3 Nbd7 7. Bg2 e5 8. dxe5 dxe5 9. 0-0 e4 10. Ng5 e3 11. f3 h6 12. Nh3 Qe7 13. Nc3 g5 14. Nd5 Nxd5 15. Bxg7 Kxg7 16. Qxd5 Nf6 17. Qa5 b6 18. Qc3 Bb7 19. Rfd1 Rad8 20. Rac1 c5 21. Kf1 Kg8 22. Ke1 Rfe8 23. Rxd8 Rxd8 24. Rd1 Rxd1+ 25. Kxd1 Ng4 26. fxg4 Bxg2 27. Ng1 Qe4 28. Kc1 Kf8 29. Kb2 Ke7 30. a4 a5 31. h4 Ke6 32. Ka3 Qd4 33. Qxd4 cxd4 34. hxg5 hxg5 35. b4 Kd6 36. Kb3 Kc6 37. Ka3 f6 38. Kb3 Be4 39. Ka3 axb4+ 40. Kxb4 Bg2 41. Ka3 Kc5 42. Kb3 Bc6 43. Kc2 Kxc4 0-1